| 000 | 00000nam##2200000za#4500 |
| 001 | 9.697536 |
| 003 | CaOODSP |
| 005 | 20210624235526 |
| 007 | cr ||||||||||| |
| 008 | 150407|1981||||xxc|||||o f|0| 0 eng|d |
| 040 | |aCaOODSP|beng |
| 043 | |an-cn--- |
| 086 | 1 |aA15-5143/1981E-PDF |
| 110 | 1 |aCanada.|bAgriculture Canada. |bMarketing and Economics Branch. |
| 245 | 10|aEnergy management for Canadian food and beverage industries |h[electronic resource] |
| 260 | |aOttawa - Ontario : |bAgriculture Canada. |c1981. |
| 300 | |a38p.|btables |
| 500 | |aHistorical publication digitized by Agriculture and Agri-Food Canada. |
| 590 | |a13-17-Supp|b2013-07-25 |
| 690 | 07|aBeverage industry|2gcpds |
| 690 | 07|aEnergy management|2gcpds |
| 690 | 07|aAgri-food industry|2gcpds |
| 690 | 07|aAgricultural economics|2gcpds |
| 775 | 08|tL'industrie canadienne des aliments et des boissons et la gestion de l'énergie |w(CaOODSP)9.641930 |
| 856 | 40|ahttp://publications.gc.ca|qPDF|s1.72 MB|uhttps://publications.gc.ca/collections/collection_2013/aac-aafc/agrhist/A15-5143-1981-eng.pdf |
| 986 | |a5143 |